00278nam a2200121Ia 4500100001800000250000600018654000700024245004300031260004400074082001800118300000800136546001200144 aGayakwad/R.A  a4 aop aOp Amps and Linear Integrated Circuits bPrentice Hall of IndiaaNew Delhic2000 a621.3815bGAY a543 aENGLISH